<?xml version="1.0" encoding="UTF-8"?>
<record
    xmlns:xsi="http://www.w3.org/2001/XMLSchema-instance"
    xsi:schemaLocation="http://www.loc.gov/MARC21/slim http://www.loc.gov/standards/marcxml/schema/MARC21slim.xsd"
    xmlns="http://www.loc.gov/MARC21/slim">

  <leader>01335nam a22002657a 4500</leader>
  <controlfield tag="005">20081107125036.0</controlfield>
  <controlfield tag="008">081107t        xxu||||| |||| 00| 0 hin d</controlfield>
  <datafield tag="010" ind1=" " ind2=" ">
    <subfield code="a">HIN-84729</subfield>
  </datafield>
  <datafield tag="020" ind1=" " ind2=" ">
    <subfield code="c">150.00</subfield>
    <subfield code="a">8190476324</subfield>
  </datafield>
  <datafield tag="035" ind1=" " ind2=" ">
    <subfield code="a">HN-57075</subfield>
  </datafield>
  <datafield tag="037" ind1=" " ind2=" ">
    <subfield code="b">DBAD / PUB</subfield>
  </datafield>
  <datafield tag="040" ind1=" " ind2=" ">
    <subfield code="a">DPL</subfield>
    <subfield code="b">HN</subfield>
  </datafield>
  <datafield tag="082" ind1=" " ind2=" ">
    <subfield code="a">230.52</subfield>
  </datafield>
  <datafield tag="100" ind1=" " ind2=" ">
    <subfield code="a">&#x92E;&#x941;&#x902;&#x936;&#x940;&#x930;&#x93E;&#x92E;</subfield>
  </datafield>
  <datafield tag="245" ind1=" " ind2=" ">
    <subfield code="a">&#x92A;&#x930;&#x92E; &#x938;&#x902;&#x924; &#x92A;&#x930;&#x92E; &#x926;&#x92F;&#x93E;&#x932; &#x92B;&#x915;&#x940;&#x930; &#x91A;&#x928;&#x94D;&#x926; &#x91C;&#x940; &#x92E;&#x939;&#x93E;&#x930;&#x93E;&#x91C; &#x915;&#x94B; &#x936;&#x94D;&#x930;&#x926;&#x94D;&#x927;&#x93E;&#x902;&#x91C;&#x932;&#x93F; /</subfield>
    <subfield code="c">&#x92E;&#x941;&#x902;&#x936;&#x940;&#x930;&#x93E;&#x92E;</subfield>
  </datafield>
  <datafield tag="246" ind1=" " ind2=" ">
    <subfield code="a">Param Sant Param Dayal Fakir Chand ji Maharaj ko sardhanjali</subfield>
    <subfield code="b">Munshiram</subfield>
  </datafield>
  <datafield tag="260" ind1=" " ind2=" ">
    <subfield code="a">&#x926;&#x93F;&#x932;&#x94D;&#x932;&#x940;</subfield>
    <subfield code="b">&#x917;&#x94C;&#x930;&#x935; &#x92C;&#x941;&#x915; &#x938;&#x947;&#x928;&#x94D;&#x91F;&#x930;</subfield>
    <subfield code="c">2007</subfield>
  </datafield>
  <datafield tag="270" ind1=" " ind2=" ">
    <subfield code="a">&#x921;&#x940;-593,, &#x938;&#x947;&#x915;&#x94D;&#x91F;&#x930;-1, &#x930;&#x94B;&#x939;&#x93F;&#x923;&#x940;</subfield>
    <subfield code="b">&#x926;&#x93F;&#x932;&#x94D;&#x932;&#x940;</subfield>
    <subfield code="e">110085</subfield>
    <subfield code="k">9873096176</subfield>
  </datafield>
  <datafield tag="300" ind1=" " ind2=" ">
    <subfield code="a">64&#x92A;&#x943;</subfield>
    <subfield code="c">22&#x938;&#x947;&#x92E;&#x940; (&#x905;&#x91C;&#x93F;&#x932;&#x94D;&#x926;)</subfield>
  </datafield>
  <datafield tag="500" ind1=" " ind2=" ">
    <subfield code="a">&#x938;&#x902;&#x924; &#x938;&#x926;&#x94D;&#x917;&#x941;&#x917;&#x941;&#x930;&#x942; &#x936;&#x94D;&#x930;&#x940; &#x92E;&#x902;&#x936;&#x940;&#x930;&#x93E;&#x92E; &#x91C;&#x940; &#x915;&#x947; &#x935;&#x91A;&#x928;</subfield>
  </datafield>
  <datafield tag="650" ind1=" " ind2=" ">
    <subfield code="a">&#x927;&#x930;&#x94D;&#x92E; </subfield>
    <subfield code="x">&#x939;&#x93F;&#x928;&#x94D;&#x926;&#x942;</subfield>
  </datafield>
  <datafield tag="650" ind1=" " ind2=" ">
    <subfield code="a">Religion</subfield>
    <subfield code="x">Hindu</subfield>
  </datafield>
  <datafield tag="942" ind1=" " ind2=" ">
    <subfield code="2">ddc</subfield>
    <subfield code="c">HN</subfield>
    <subfield code="m">&#x92E;&#x941;&#x936;&#x940;&#x930;&#x93E;</subfield>
    <subfield code="h">230.52</subfield>
  </datafield>
  <datafield tag="999" ind1=" " ind2=" ">
    <subfield code="c">18173</subfield>
    <subfield code="d">18173</subfield>
  </datafield>
  <datafield tag="952" ind1=" " ind2=" ">
    <subfield code="0">0</subfield>
    <subfield code="1">0</subfield>
    <subfield code="2">ddc</subfield>
    <subfield code="4">0</subfield>
    <subfield code="7">1</subfield>
    <subfield code="8">NFIC</subfield>
    <subfield code="a">DBAD</subfield>
    <subfield code="b">DBAD</subfield>
    <subfield code="d">2008-11-07</subfield>
    <subfield code="e">DBAD / PUB</subfield>
    <subfield code="g">150.00</subfield>
    <subfield code="l">0</subfield>
    <subfield code="o">230.52 &#x92E;&#x941;&#x936;&#x940;&#x930;&#x93E;</subfield>
    <subfield code="p">HN-57075</subfield>
    <subfield code="r">2008-11-07 00:00:00</subfield>
    <subfield code="t">1</subfield>
    <subfield code="v">150.00</subfield>
    <subfield code="w">2008-11-07</subfield>
    <subfield code="y">HN</subfield>
  </datafield>
</record>
